Wszystkie Płyty Quebonafide - Statystyki

Ogólne statystyki
  • Ten quiz został rozwiązany 153 razy
  • Średni wynik to 6 z 12
Statystyki odpowiedzi
Rok Tytuł Płyty % Poprawnych
2017 Egzotyka
99%
2015 Ezoteryka
84%
2013 Eklektyka
83%
2015 Erotyka
67%
2018 Soma 0,5mg
61%
2013 Płyta Roku
42%
2016 Elektryka
36%
2018 0,25mg
30%
2016 Hip-hop 2.0
21%
2015 Demówka EP
19%
2017 Dla Fanów Eklektyki EP / Dla Fanek Euforii EP
16%
2017 No to bajka EP
13%
Nie znaleziono quizów pasujących do podanych kryteriów
Rozkład punktacji
Procent ludzi z każdym wynikiem
Percentyl według liczby udzielonych odpowiedzi
Twoja historia wyników
Nie rozwiązałeś tego quizu